000 00837nam a2200241Ia 4500
999 _c45365
_d45365
001 12189
003 GE_BSU
005 20221122143526.0
008 181216s2014||||enk|||||||||||||| ||eng||
020 _a9780203083772x
040 _cGE_BSU
041 _aeng
080 _a338.48:615.8 S-68
100 _aSmith, melanie
_915991
245 _aHealt,Tourism and Hospitality Spas,Welness and medical travel.
_cMelanie Smith, Laszlo Puczko.
250 _asecond edition.
264 _aLondon,
_c2014.
300 _a508 p.;
_bill.
_c26 cm.
653 _aჯანმრთელობა, ტურიზმი და სტუმართმოყვარეობა სპა
653 _aსამედიცინო მოგზაურობა
700 _aPuczko, Laszlo
_eავტორი
_915992
942 _cBK
_2udc